Central Library OPAC University of Rajshahi

সাহিত্য-সন্ধান / (Record no. 53706)

MARC details
000 -LEADER
fixed length control field 00962nam a2200241 a 4500
001 - CONTROL NUMBER
control field 53706
003 - CONTROL NUMBER IDENTIFIER
rucl marc code BD-RjUL
005 - DATE AND TIME OF LATEST TRANSACTION
control field 20211209080016.0
008 - FIXED-LENGTH DATA ELEMENTS--GENERAL INFORMATION
fixed length control field 161024s1971 ii ||||| |||| 00| 0 ben d
020 ## - INTERNATIONAL STANDARD BOOK NUMBER
Terms of availability : IRs 12.00
035 ## - SYSTEM CONTROL NUMBER
System control number (BD-RjUL)53828
040 ## - CATALOGING SOURCE
Original cataloging agency BD-RjUL
Language of cataloging ben
Transcribing agency BD-RjUL
041 ## - LANGUAGE CODE
Language code of text/sound track or separate title ben
082 ## - DEWEY DECIMAL CLASSIFICATION NUMBER
Edition number 23
Classification number 891.4409
Author mark and year MUS 1971
100 ## - MAIN ENTRY--PERSONAL NAME
Personal name মুখোপাধ্যায়, অরুণকুমার
9 (RLIN) 160482
245 10 - TITLE STATEMENT
Title সাহিত্য-সন্ধান /
Statement of responsibility, etc. অরুণকুমার মুখোপাধ্যায়
250 ## - EDITION STATEMENT
Edition statement ১ম সং
260 ## - PUBLICATION, DISTRIBUTION, ETC. (IMPRINT)
Place of publication, distribution, etc. কলিকাতা :
Name of publisher, distributor, etc. আনন্দধারা প্রকাশন,
Date of publication, distribution, etc. ১৯৭১
300 ## - PHYSICAL DESCRIPTION
Pagination [৮], ৩০৭ পৃ. ;
Size ২১ সেমি.
650 ## - SUBJECT ADDED ENTRY--TOPICAL TERM
Topical term or geographic name as entry element বাংলা সাহিত্য
General subdivision ইতিহাস ও সমালোচনা
9 (RLIN) 160483
Topical term or geographic name as entry element Bengali Literature
General subdivision History & Criticism
9 (RLIN) 160484
942 ## - ADDED ENTRY ELEMENTS (KOHA)
Source of classification or shelving scheme Dewey Decimal Classification
Koha item type Books
Holdings
Lost status Source of classification or shelving scheme Damaged status Not for loan Collection code Permanent Location Current Location Shelving location Date acquired Source of acquisition Cost, normal purchase price Total Checkouts Full call number Date last seen Copy number Koha item type
  Dewey Decimal Classification     Non-fiction Central Library, University of Rajshahi Central Library, University of Rajshahi   17/09/1973 Uttorbanga Library : Rajshahi 12.00   B 891.4409 MUS 1971 24/10/2016 C-2 Books
  Dewey Decimal Classification     Non-fiction Central Library, University of Rajshahi Central Library, University of Rajshahi   18/08/1973 India Gov.     B 891.4409 MUS 1971 08/11/2016 C-3 Books
  Dewey Decimal Classification     Non-fiction Central Library, University of Rajshahi Central Library, University of Rajshahi   19/09/1973 Kolkata: K.P Bakchi and co. 0.00   B 891.4409 MUS 1971 15/11/2016 C-4 Books
  Dewey Decimal Classification     Non-fiction Central Library, University of Rajshahi Central Library, University of Rajshahi   07/10/1974 Jonathan Wren & Co. 12.00   B 891.4409 MUS 1971 15/11/2016 C-5 Books